| 000 | 00609nam a2200169Ia 4500 | ||
|---|---|---|---|
| 008 | 180921t2014 xxu||||| |||| 00| 0 sin d | ||
| 041 | _asin | ||
| 080 |
_a159.9 _bAMA |
||
| 100 |
_a Kamalsiri, PereraPrasanna _etr. |
||
| 245 | _aඇමරිකානු උපදේශන සංගමයේ වෘත්තීය ආචාර ධර්ම පද්ධතිය | ||
| 246 | _aAmaricanu Upadeshana Sangamaye Wurthiya Acharyadharma Paddathiya | ||
| 260 |
_bAddyapana Manoviddya Addyapananshaya _aColombo _c2014 |
||
| 300 | _b112p, 18cm | ||
| 942 | _cBK | ||
| 999 |
_c281 _d281 |
||
| 003 | LK-CoDNM | ||
| 040 |
_aLK-CoDNM _dLK-CoDNM _eLK-CoDNM |
||